| 000 -LEADER |
| fixed length control field |
00466nam a2200205Ia 4500 |
| 001 - CONTROL NUMBER |
| control field |
13464 |
| 003 - CONTROL NUMBER IDENTIFIER |
| control field |
GE_BSU |
| 008 - FIXED-LENGTH DATA ELEMENTS--GENERAL INFORMATION |
| fixed length control field |
181216s||||||||xx |||||||||||||| ||und|| |
| 020 ## - INTERNATIONAL STANDARD BOOK NUMBER |
| International Standard Book Number |
0131426429 |
| 040 ## - CATALOGING SOURCE |
| Transcribing agency |
GE_BSU |
| 080 ## - UNIVERSAL DECIMAL CLASSIFICATION NUMBER |
| Universal Decimal Classification number |
004.42(075.8) |
| 100 ## - MAIN ENTRY--PERSONAL NAME |
| Personal name |
Deitel,Harvey M. Deitel,Paul J. Hoey,Tim Cheryl H. |
| 245 ## - TITLE STATEMENT |
| Title |
Simply C#. |
| 260 ## - PUBLICATION, DISTRIBUTION, ETC. |
| Place of publication, distribution, etc. |
London |
| 260 ## - PUBLICATION, DISTRIBUTION, ETC. |
| Name of publisher, distributor, etc. |
Pearson |
| 260 ## - PUBLICATION, DISTRIBUTION, ETC. |
| Date of publication, distribution, etc. |
2004 |
| 300 ## - PHYSICAL DESCRIPTION |
| Extent |
923p.ill.28cm. |
| 653 ## - INDEX TERM--UNCONTROLLED |
| Uncontrolled term |
Simply C# |
| 942 ## - ADDED ENTRY ELEMENTS (KOHA) |
| Koha item type |
წიგნი |